Mapa Ameryki Południowej Quiz - Statystyki

Ogólne statystyki
  • Ten quiz został rozwiązany 1 412 razy
  • Średni wynik to 9 z 13
Odpowiedzi na mapie
Odpowiedzi zakodowano w zielono-czerwonej skali na mapie do tego quizu, zgodnie z poniższymi procentami.
 
Statystyki odpowiedzi
Odpowiedź % Poprawnych
Brazylia
94%
Argentyna
89%
Chile
88%
Urugwaj
67%
Kolumbia
66%
Peru
64%
Wenezuela
63%
Boliwia
62%
Francuska Gujana (do Francji)
62%
Paragwaj
62%
Ekwador
61%
Surinam
55%
Gujana
47%
Nie znaleziono quizów pasujących do podanych kryteriów
Rozkład punktacji
Procent ludzi z każdym wynikiem
Percentyl według liczby udzielonych odpowiedzi
Twoja historia wyników
Nie rozwiązałeś tego quizu